| 000 | 00461nam a2200169Ia 4500 | ||
|---|---|---|---|
| 008 | 230917s9999||||xx |||||||||||||| ||und|| | ||
| 020 | _cRS4195 | ||
| 040 |
_e237118 _aMAIN |
||
| 041 | _aEnglish | ||
| 082 | _a658.93 R197F | ||
| 100 | _aRavi Kumar, K N | ||
| 245 | 0 | _aFarm managerial economics | |
| 260 |
_aNew Delhi _bDaya Publishing _c2017 |
||
| 300 | _axix, 679 p. | ||
| 500 | _a2559 13/01/2017 HBD17/6810 31/01/2017 IMSAR (Dev. & Research) | ||
| 942 | _cBK | ||
| 999 |
_c20769 _d20769 |
||